Normal view
MARC view
- المستهلكون - الشراء - سلوك حياة
Entry Topical Term
001 - CONTROL NUMBER
- control field: 52000
003 - CONTROL NUMBER IDENTIFIER
- control field: JO-AjAnu
005 - DATE AND TIME OF LATEST TRANSACTION
- control field: 20230606082542.0
008 - FIXED-LENGTH DATA ELEMENTS
- fixed length control field: 230606|| aca||aabn | a|a d
040 ## - CATALOGING SOURCE
- Original cataloging agency: JO-AjAnu
- Transcribing agency: JO-AjAnu
150 ## - HEADING--TOPICAL TERM
- Topical term or geographic name entry element: المستهلكون - الشراء - سلوك حياة
670 ## - SOURCE DATA FOUND
- Source citation: Work cat.: (JO-AjAnu)26576: اعداد محمد، رحاب عبدالعال, author 51999, الشراء العفوي وعلاقته بالتقييمات السلبية لدى المستهلكين بعد الشراء والولاء للمتجر : دور متغير وجهة الضبط بالتطبيق على الهايبر ماركت